Pla d'equipaments culturals de Sant Fruitós de Bages
Publicado:
Barcelona :
Diputació de Barcelona. Àrea de Cultura. Centre d'Estudis i Recursos Culturals (CERC), Ajuntament de Sant Fruitós de Bages ,
2009
Descripción Física:
89 p. : gràf., taules ; 30 cm
MARC
| LEADER | 00000nam a2200000Ia 4500 | ||
|---|---|---|---|
| 001 | 22923 | ||
| 008 | 160829s2009 xx 000 0 cat d | ||
| 080 | |a M-6-373 | ||
| 245 | |a Pla d'equipaments culturals de Sant Fruitós de Bages | ||
| 260 | |a Barcelona : |b Diputació de Barcelona. Àrea de Cultura. Centre d'Estudis i Recursos Culturals (CERC), Ajuntament de Sant Fruitós de Bages, |c 2009 | ||
| 300 | |a 89 p. : |b gràf., taules ; |c 30 cm | ||
| 650 | |a Equipaments culturals |x Sant Fruitós de Bages |9 28611 | ||
| 650 | |a Participació comunitària |x Sant Fruitós de Bages |9 28612 | ||
| 710 | 1 | |a Barcelona (Catalunya : Província). |b Centre d'Estudis i Recursos Culturals |9 52487 | |
| 710 | 1 | |a Sant Fruitós de Bages (Catalunya). |b Ajuntament |9 53922 | |
| 710 | 1 | |a Barcelona (Catalunya : Província). |b Diputació |9 52408 | |
| 901 | |a Arxiu | ||
| 942 | |n 1 | ||
| 952 | |0 0 |1 0 |4 0 |6 M6373 |7 1 |9 44888 |a Arxiu |b Arxiu |d 2016-12-01 |l 0 |o M-6-373 |p 22923 |r 2016-12-01 00:00:00 |w 2016-12-01 |y ARXIU | ||
| 999 | |c 47486 |d 47486 | ||